ՀՀ Գիտությունների ազգային ակադեմիայի հիմնարար գիտական գրադարան  =   Fundamental Scientific Library of NAS RA

Угленосные отложения и угли нижнего карбона Доно-Днепровского прогиба : (Record no. 67485)

MARC details
000 -LEADER
fixed length control field 01439nam a22002657a 4500
001 - CONTROL NUMBER
control field 000194877
003 - CONTROL NUMBER IDENTIFIER
control field AM-YeHGA
005 - DATE AND TIME OF LATEST TRANSACTION
control field 20250617123850.0
008 - FIXED-LENGTH DATA ELEMENTS--GENERAL INFORMATION
fixed length control field 950417s1987 un ||||| |||| 00| 0 rus d
040 ## - CATALOGING SOURCE
Original cataloging agency AM-YeHGA
041 0# - LANGUAGE CODE
Language code of text/sound track or separate title rus
090 ## - LOCALLY ASSIGNED LC-TYPE CALL NUMBER (OCLC); LOCAL CALL NUMBER (RLIN)
-- 68632
100 1# - MAIN ENTRY--PERSONAL NAME
Personal name Шульга, Виталий Федорович
245 10 - TITLE STATEMENT
Title Угленосные отложения и угли нижнего карбона Доно-Днепровского прогиба :
Remainder of title Атлас литогенетических типов пород и углей /
Statement of responsibility, etc. В.Ф. Шульга, Н.А. Игнатченко, Л.Б. Зайцева ; АН УССР. Ин-т геол. наук.
260 0# - PUBLICATION, DISTRIBUTION, ETC.
Place of publication, distribution, etc. Киев :
Name of publisher, distributor, etc. Наукова думка,
Date of publication, distribution, etc. 1987.
300 ## - PHYSICAL DESCRIPTION
Extent 133,[2] с., [40] :
Other physical details ил. ;
500 ## - GENERAL NOTE
General note Библиогр.: с. 131-134 (70 назв.)
650 14 - SUBJECT ADDED ENTRY--TOPICAL TERM
Topical term or geographic name entry element Каменноугольные отложения - Днепровско-Донецкая впадина
650 14 - SUBJECT ADDED ENTRY--TOPICAL TERM
Topical term or geographic name entry element Угленосные отложения - Карбон - Днепровско-Донецкая впадина
653 1# - INDEX TERM--UNCONTROLLED
Uncontrolled term Угли ископаемые - Днепровско-Донецкая впадина
700 1# - ADDED ENTRY--PERSONAL NAME
Personal name Игнатченко, Николай Александрович
700 1# - ADDED ENTRY--PERSONAL NAME
Personal name Зайцва, Людмила Борисовна
710 2# - ADDED ENTRY--CORPORATE NAME
Corporate name or jurisdiction name as entry element Ин-т геологических наук АН Украинской ССР
942 ## - ADDED ENTRY ELEMENTS (KOHA)
Source of classification or shelving scheme Universal Decimal Classification
Koha item type Գրքեր / Books
Holdings
Withdrawn status Lost status Source of classification or shelving scheme Damaged status Not for loan Collection Home library Current library Date acquired Total checkouts Full call number Barcode Date last seen Price effective from Koha item type Public note
    Universal Decimal Classification     General Fundamental Scientific Library Fundamental Scientific Library 22/12/2016   PII/575584 FL0098619 22/12/2016 22/12/2016 Գրքեր / Books 30 Days Loan


ՀՀ ԳԱԱ հիմնարար գիտական գրադարան
ՀՀ,Երևան 0019
Մարշալ Բաղրամյան 24/6
հեռախոս:(374-10) 52-47-50
Հետադարձ կապ

All site content, except where otherwise noted, is licensed under a
Creative Commons License